Periodismo jurídico /

Compilación de colaboraciones periodísticas con temática jurídica publicadas en diversos diarios de México.

Gespeichert in:
Bibliographische Detailangaben
1. Verfasser: Arellano García, Carlos (autor)
Format: Buch
Sprache:Spanisch
Veröffentlicht: México : Porrúa, 2003, c2003
Schlagworte:
Tags: Tag hinzufügen
Keine Tags, Fügen Sie das erste Tag hinzu!

MARC

LEADER 00000nam^a2200000^a^4500
001 000172047
005 20250521000000.0
009 20260310101405.628
020 |a 970-07-4286-5 
037 |a Acervo ITESO - Biblioteca 
041 |a ESP 
082 |a 340. 72  |b ARE 
100 |a Arellano García, Carlos  |e (autor) 
245 1 0 |a Periodismo jurídico /  |c C. Arellano García. 
264 4 |a México :  |b Porrúa,  |c 2003, c2003 
300 |a XXX, 605 p. 
336 |a texto  |b txt  |2 rdacontenido 
337 |a sin mediación  |b n  |2 rdamedio 
338 |a volumen  |b nc  |2 rdasoporte 
520 |a Compilación de colaboraciones periodísticas con temática jurídica publicadas en diversos diarios de México. 
649 |a XX 
650 |a Jurisprudencia -  |z México 
650 |a Artículos Periodísticos Mexicanos 
650 |a Géneros Periodísticos -  |z México 
650 |a Periodismo Político -  |z México 
650 |a Periodismo -  |z México 
650 |a Medios Impresos -  |z México 
650 |a Medios de Comunicación -  |z México 
650 |a Comunicación y Política -  |z México 
650 |a Derecho -  |z México 
910 |a Fondo General 
920 |a Impresos - Libros 
930 |a Colección General 
905 |a 101 
901 |a 0500109887  |b IT1  |c ACC  |u 20250521 
902 |a https://opac.biblio.iteso.mx/vufind/Record/000172047